000
00314nam a22001337a 4500
008
170418b xxu||||| |||| 00| 0 eng d
020
_a
9780323036498
041
_a
eng
080
_a
573
100
_a
10
101
_a
SHM
245
_a
HUMAN EMBRYOLOGY AND DEVELOPMENTAL BIOLOGY
_c
CARLSON, B.M
942
_2
udc
_c
BK
999
_c
10938
_d
10938